LEADER 01593nam 2200541 450 001 9910672352103321 005 20190210101150 010 $a958-695-818-3 035 $a(CKB)3710000000529447 035 $a(MiAaPQ)EBC5514199 035 $a(OCoLC)1105547421 035 $a(FlNmELB)ELB69450 035 $a(EXLCZ)993710000000529447 100 $a20190210d2010 uy 0 101 0 $aspa 135 $aurcnu|||||||| 181 $2rdacontent 182 $2rdamedia 183 $2rdacarrier 200 00$aConflicto armado, seguridad y construccio?n de paz en Colombia /$fAngelika Rettberg (compiladora) 210 1$aBogota? :$cUniversidad de los Andes,$d2010. 215 $a1 online resource (472 pa?ginas) 225 1 $aColeccio?n 40 An?os Uniandes 311 $a958-695-548-6 410 0$aColeccio?n 40 An?os Uniandes. 606 $aViolence$zColombia 606 $aWar$zColombia 606 $aPeace 606 $aViolencia 606 $aGuerra 606 $aPaz 607 $aColombia 608 $aLibros electronicos. 615 0$aViolence 615 0$aWar 615 0$aPeace. 615 4$aViolencia. 615 4$aGuerra. 615 4$aPaz. 676 $a303.609861 702 $aRettberg Beil$b Beatriz Angelika 712 02$aUniversidad de los Andes (Bogota?, Colombia).$bCentro de Estudios Socioculturales e Internacionales. 801 0$bFINmELB 801 1$bFINmELB 906 $aBOOK 912 $a9910672352103321 996 $aConflicto armado, seguridad y construccio?n de paz en Colombia$93044131 997 $aUNINA LEADER 01254nam0 22003251i 450 001 UON00398805 005 20231205104647.198 100 $a20111020d1921 |0itac50 ba 101 $ager 102 $aSE 105 $a|||| 1|||| 200 1 $aBaltoslavischen Lautgeschichte$fvon Sigurd Agrell 210 $aLund$cGleerup ; Leipzig$cOtto Harrassowitz$d[1921] 215 $a49 p.$d25 cm. 311 $aNr. 5$9UON00035098 410 0$1001UON00035098$12001 $aLunds Universitets Arsskrift. Neue Folge$v17 Nr. 5 606 $aLINGUISTICA BALTO-SLAVA$xFONETICA E FONOLOGIA$3UONC079647$2FI 620 $aSE$dLund$3UONL000893 620 $aDE$dLeipzig$3UONL003218 676 $a491.8$cLINGUE SLAVE$v21 676 $a491.9$cLINGUE BALTICHE$v21 700 1$aAGRELL$bSigurd$3UONV080342$0668692 712 $aGleerup$3UONV248844$4650 712 $aHarrassowitz$3UONV245869$4650 801 $aIT$bSOL$c20240220$gRICA 899 $aSIBA - SISTEMA BIBLIOTECARIO DI ATENEO$2UONSI 912 $aUON00398805 950 $aSIBA - SISTEMA BIBLIOTECARIO DI ATENEO$dSI SL FL 15 0057 $eSI SLA344 5 0057 $sBuono 996 $aBaltoslavischen Lautgeschichte$91346800 997 $aUNIOR